Bandeiras dos Municípios da Região Metropolitana de São Paulo - Statistics

Estatísticas Gerais
  • Esse quiz foi jogado 16 vezes
  • A pontuação média é 18 de 39
Estatísticas das Respostas
Imagem Resposta % Correto
São Paulo
100%
Itapevi
81%
Vargem Grande Paulista
81%
Arujá
75%
Cotia
75%
Francisco Morato
75%
Osasco
75%
Diadema
69%
Franco da Rocha
69%
Santo André
69%
Suzano
69%
Carapicuíba
63%
Guararema
63%
Juquitiba
63%
Pirapora do Bom Jesus
63%
Rio Grande da Serra
63%
São Caetano do Sul
63%
Barueri
56%
Caieiras
56%
Mauá
50%
Itaquaquecetuba
38%
Santa Isabel
38%
Taboão da Serra
38%
Embu das Artes
31%
Guarulhos
31%
Itapecerica da Serra
31%
Santana de Parnaíba
31%
Mogi das Cruzes
25%
Ribeirão Pires
25%
São Bernardo dos Campos
25%
Cajamar
19%
Embu-Guaçu
19%
Jandira
19%
Mairiporã
19%
Salesópolis
19%
São Lourenço da Serra
19%
Biritiba Mirim
13%
Ferraz de Vasconcelos
13%
Poá
13%
Nenhum quiz correspondente encontrado
Distribuição das Pontuações
Porcentagem de Pessoas com Cada Pontuação
Percentil de Números Respondidos
Sua Pontuação Histórica
Você não jogou esse quiz